000 00576nam a2200205 a 4500
005 20220622063558.0
008 090618s2006 mx r 000 0 spa d
020 _a8496676218 (10 dígitos)
020 _a9788496676213 (13 dígitos)
035 _aUPN01000171261
049 _aI
050 4 _aPZ76.3
_bK5.5
100 1 _aKirk, David
_935842
245 1 0 _aMe iré volando /
_cDavid Kirk.
260 _aMadrid :
_bTexto,
_c2006.
300 _a34 p. :
_bprincipalmente il. col.
440 0 _aMiss Spider
650 0 _aAnimales
_vCuentos y leyendas
_9234
905 _aInfantil
999 _c143366
_d143366